MLB Stats Quiz - Statistics

General Stats
  • This quiz has been taken 592 times
  • The average score is 12 of 15
Answer Stats
Hint Answer % Correct
Who hit 73 home runs in a single season? Barry Bonds
99%
Who holds the record for most career strikeouts as a pitcher with 5,714? Nolan Ryan
95%
Who stole 130 bases in one season? Rickey Henderson
95%
Who hit 714 career home runs? Babe Ruth
94%
Who has 511 career wins? Cy Young
89%
Who has the most hits ever with 4,256? Pete Rose
87%
Who threw seven no-hitters in his career? Nolan Ryan
84%
Who has the most career saves with 652? Mariano Rivera
83%
Who has a lifetime batting average of .367? Ty Cobb
83%
Who holds the record for most Cy Young awards with 7? Roger Clemens
79%
Who had a batting average of .394 in 1994? Tony Gwynn
69%
Who has the most RBI's ever with 2,297? Hank Aaron
67%
Who tossed 110 shutouts in his career? Walter Johnson
67%
Who holds the record for most losses with 316? Cy Young
57%
Who has the lowest career ERA at 1.82? Ed Walsh
12%
No matching quizzes found
Score Distribution
Percent of People with Each Score
Percentile by Number Answered
Your Score History
You have not taken this quiz